LEADER 00964nam a2200277 i 4500 001 991001264199707536 005 20020507190242.0 008 951002s1995 it ||| | ita 020 $a8880790226 035 $ab10823384-39ule_inst 035 $aLE01309558$9ExL 040 $aDip.to Matematica$beng 082 0 $a001.6425 084 $aAMS 68N 084 $aCR D.2 100 1 $aFuggetta, Alfonso$0150323 245 13$aIl processo software :$baspetti strategici e organizzativi /$cAlfonso Fuggetta ; [presentazione di Carlo Ghezzi] 260 $aVenezia :$bIl Cardo,$c1995 300 $ax, 126 p. ;$c24 cm. 650 4$aSoftware processing 907 $a.b10823384$b21-09-06$c28-06-02 912 $a991001264199707536 945 $aLE013 68N FUG11 (1995)$g1$i2013000041537$lle013$o-$pE0.00$q-$rl$s- $t0$u0$v0$w0$x0$y.i10930851$z28-06-02 996 $aProcesso software$9924210 997 $aUNISALENTO 998 $ale013$b01-01-95$cm$da $e-$fita$git $h3$i1 LEADER 01585nam a2200409 i 4500 001 991001347109707536 005 20020507191819.0 008 950622s1980 us ||| | eng 020 $a0273085166 (v.2) 020 $a0822484382 (v.1) 035 $ab1083493x-39ule_inst 035 $aLE01310891$9ExL 040 $aDip.to Matematica$beng 082 0 $a515.35 084 $aAMS 15A09 084 $aAMS 34A30 084 $aAMS 34E15 084 $aAMS 93C15 084 $aQA371.C192 100 1 $aCampbell, Stephen La Vern$0471255 245 10$aSingular systems of differential equations /$cS. L. Campbell 260 $aSan Francisco :$bPitman Publishing,$cc1980-c1982 300 $a2 v. ;$c25 cm. 490 0 $aPitman research notes in mathematics series, ISSN 02693674 ;$v40 490 0 $aPitman research notes in mathematics series, ISSN 02693674 ;$v61 500 $a1Vol. 2 published by Pitman Pub., Boston 500 $a21Bibliography: v.1, p.167-171; v.2, p.220-228. 500 $a3Includes indexes 650 4$aDifferential equations 650 4$aSimultaneous equations 907 $a.b1083493x$b23-02-17$c28-06-02 912 $a991001347109707536 945 $aLE013 34A CAM11 V.II (1982)$cV. 2$g1$i2013000030937$lle013$o-$pE0.00$q-$rl$s- $t0$u0$v0$w0$x0$y.i1094431x$z28-06-02 945 $aLE013 34A CAM11 V.I (1980)$cV. 1$g1$i2013000031712$lle013$o-$pE0.00$q-$rl$s- $t0$u0$v0$w0$x0$y.i10944321$z28-06-02 996 $aSingular systems of differential equations$9923570 997 $aUNISALENTO 998 $ale013$b01-01-95$cm$da $e-$feng$gus $h0$i2 LEADER 01240nam a22003255i 4500 001 991002203219707536 007 cr nn 008mamaa 008 121227s1984 gw | s |||| 0|eng d 020 $a9783540391234 035 $ab14137318-39ule_inst 040 $aBibl. Dip.le Aggr. Matematica e Fisica - Sez. Matematica$beng 082 04$a519$223 084 $aAMS 49-02 084 $aAMS 93-02 245 00$aNonlinear analysis and optimization$h[e-book] :$bproceedings of the international conference held in Bologna, Italy, May 3?7, 1982 /$cedited by Calogero Vinti 260 $aBerlin :$bSpringer,$c1984 300 $a1 online resource (viii, 220 p.) 440 0$aLecture Notes in Mathematics,$x0075-8434 ;$v1107 650 0$aMathematics 650 0$aGlobal analysis (Mathematics) 650 0$aSystems theory 650 0$aMathematical optimization 700 1 $aVinti, Calogero 773 0 $aSpringer eBooks 856 40$uhttp://dx.doi.org/10.1007/BFb0101489$zAn electronic book accessible through the World Wide Web 907 $a.b14137318$b03-03-22$c05-09-13 912 $a991002203219707536 996 $aNonlinear analysis and optimization$979805 997 $aUNISALENTO 998 $ale013$b05-09-13$cm$d@ $e-$feng$ggw $h0$i0 LEADER 02367nam0 2200505 i 450 001 VAN00124515 005 20240806100816.561 017 70$2N$a9783030026042 100 $a20191018d2018 |0itac50 ba 101 $aeng 102 $aCH 105 $a|||| ||||| 200 1 $aˆA ‰Pythagorean Introduction to Number Theory$eRight Triangles, Sums of Squares, and Arithmetic$fRamin Takloo-Bighash 210 $aCham$cSpringer$d2018 215 $axviii, 279 p.$cill.$d24 cm 410 1$1001VAN00024019$12001 $aUndergraduate texts in mathematics$1210 $aBerlin [etc.]$cSpringer$d1958- 500 1$3VAN00236083$aˆA ‰Pythagorean Introduction to Number Theory$91563194 606 $a11-XX$xNumber theory [MSC 2020]$3VANC019688$2MF 606 $a11A25$xArithmetic functions; related numbers; inversion formulas [MSC 2020]$3VANC021728$2MF 606 $a11D85$xRepresentation problems [MSC 2020]$3VANC021858$2MF 606 $a11H06$xLattices and convex bodies (number-theoretic aspects) [MSC 2020]$3VANC021968$2MF 606 $a11H55$xQuadratic forms (reduction theory, extreme forms, etc.) [MSC 2020]$3VANC021809$2MF 610 $aCounting lattice points$9KW:K 610 $aDiophantine Equations$9KW:K 610 $aElementary number theory$9KW:K 610 $aFermat's theorem$9KW:K 610 $aFour-squares theorem$9KW:K 610 $aGauss sums$9KW:K 610 $aNumber theory with SageMath$9KW:K 610 $aPrimes of the form 4k+1$9KW:K 610 $aPythagorean theorem$9KW:K 610 $aPythagorean triples$9KW:K 610 $aQuadratic forms and sums of squares$9KW:K 610 $aQuadratic reciprocity$9KW:K 620 $aCH$dCham$3VANL001889 700 1$aTakloo-Bighash$bRamin$3VANV095944$0731689 712 $aSpringer $3VANV108073$4650 801 $aIT$bSOL$c20241115$gRICA 856 4 $uhttp://doi.org/10.1007/978-3-030-02604-2$zE-book ? Accesso al full-text attraverso riconoscimento IP di Ateneo, proxy e/o Shibboleth 899 $aBIBLIOTECA DEL DIPARTIMENTO DI MATEMATICA E FISICA$1IT-CE0120$2VAN08 912 $fN 912 $aVAN00124515 950 $aBIBLIOTECA DEL DIPARTIMENTO DI MATEMATICA E FISICA$d08DLOAD e-book 0988 $e08eMF988 20191018 996 $aPythagorean Introduction to Number Theory$91563194 997 $aUNICAMPANIA